<?xml version="1.0" encoding="UTF-8"?>
<record
    xmlns:xsi="http://www.w3.org/2001/XMLSchema-instance"
    xsi:schemaLocation="http://www.loc.gov/MARC21/slim http://www.loc.gov/standards/marcxml/schema/MARC21slim.xsd"
    xmlns="http://www.loc.gov/MARC21/slim">

  <leader>01643nam0a22002773i 4500</leader>
  <controlfield tag="001">IT\ICCU\CAG\0658749</controlfield>
  <controlfield tag="003">IT-MiSPE</controlfield>
  <controlfield tag="005">20220915142025.0</controlfield>
  <controlfield tag="008">220915b           ||||| |||| 00| 0 eng d</controlfield>
  <datafield tag="020" ind1=" " ind2=" ">
    <subfield code="a">9783423343947</subfield>
    <subfield code="c">15.00 EUR</subfield>
  </datafield>
  <datafield tag="040" ind1=" " ind2=" ">
    <subfield code="a">IT-MiSPE</subfield>
    <subfield code="b">ita</subfield>
    <subfield code="c">IT-MiSPE</subfield>
  </datafield>
  <datafield tag="041" ind1=" " ind2=" ">
    <subfield code="a">ger</subfield>
    <subfield code="h">eng</subfield>
  </datafield>
  <datafield tag="082" ind1=" " ind2=" ">
    <subfield code="a">193 B-KAN im* K&#xDC;H ma (axa 23319)</subfield>
  </datafield>
  <datafield tag="100" ind1=" " ind2=" ">
    <subfield code="a">K&#xFC;hn, Manfred.</subfield>
    <subfield code="d">1947-</subfield>
    <subfield code="e">autore</subfield>
    <subfield code="9">59160</subfield>
  </datafield>
  <datafield tag="240" ind1=" " ind2=" ">
    <subfield code="a">Kant. Eine Biographie</subfield>
    <subfield code="l">ger</subfield>
  </datafield>
  <datafield tag="245" ind1=" " ind2=" ">
    <subfield code="a">Kant. Eine Biographie</subfield>
    <subfield code="c">Manfred K&#xFC;hn ; aus dem Englischen von Martin Pfeiffer.</subfield>
  </datafield>
  <datafield tag="260" ind1=" " ind2=" ">
    <subfield code="a">M&#xFC;nchen :</subfield>
    <subfield code="b">Deutscher Taschenbuch Verlag,</subfield>
    <subfield code="c">2007 (Ungek&#xFC;rzte Ausgabe)</subfield>
  </datafield>
  <datafield tag="300" ind1=" " ind2=" ">
    <subfield code="a">639 P. ;</subfield>
    <subfield code="c">21 cm</subfield>
  </datafield>
  <datafield tag="504" ind1=" " ind2=" ">
    <subfield code="a">Bibliografia (pp. 595-616) e indici (618-639)</subfield>
  </datafield>
  <datafield tag="520" ind1=" " ind2=" ">
    <subfield code="a">Aus dem Englischen von Martin Pfeiffer. Zum 200. Todestag Immanuel Kants (1724-1804) erz&#xE4;hlt Manfred K&#xFC;hn in der ersten umfassenden Biografie des gro&#xDF;en Denkers seit &#xFC;ber zwei Jahrzehnten Kants Leben und stellt sein philosophisches Werk vor. Heinrich Heine hat gespottet, von Immanuel Kant k&#xF6;nne niemand eine Lebensgeschichte schreiben, denn Kant habe weder ein Leben noch eine Geschichte gehabt. Manfred K&#xFC;hn r&#xE4;umt mit der Legende von Kants ereignislosem Professorenleben gr&#xFC;ndlich auf und zeichnet das Bild eines eleganten und geistreichen Gentleman, der eine wichtige Rolle im gesellschaftlichen Leben seiner Heimatstadt K&#xF6;nigsberg spielte.</subfield>
  </datafield>
  <datafield tag="546" ind1=" " ind2=" ">
    <subfield code="a">Traduzione dall'inglese di Martin Pfeiffer</subfield>
  </datafield>
  <datafield tag="600" ind1=" " ind2=" ">
    <subfield code="a">Immanuel Kant,</subfield>
    <subfield code="d">1724-1804</subfield>
    <subfield code="9">59161</subfield>
  </datafield>
  <datafield tag="655" ind1=" " ind2=" ">
    <subfield code="a">Filosofia. Biografia</subfield>
    <subfield code="x">Illuminismo</subfield>
    <subfield code="9">59162</subfield>
  </datafield>
  <datafield tag="700" ind1=" " ind2="1">
    <subfield code="a">Pfeiffer, Martin,</subfield>
    <subfield code="e">Prof. Dr. ; traduttore</subfield>
    <subfield code="9">59163</subfield>
  </datafield>
  <datafield tag="942" ind1=" " ind2=" ">
    <subfield code="2">ddc</subfield>
    <subfield code="c">BK</subfield>
  </datafield>
  <datafield tag="999" ind1=" " ind2=" ">
    <subfield code="c">359487</subfield>
    <subfield code="d">359487</subfield>
  </datafield>
  <datafield tag="952" ind1=" " ind2=" ">
    <subfield code="0">0</subfield>
    <subfield code="1">0</subfield>
    <subfield code="2">ddc</subfield>
    <subfield code="4">0</subfield>
    <subfield code="6">193_000000000000000_BKAN_IM_K&#xDC;H_MA_AXA_23319</subfield>
    <subfield code="7">1</subfield>
    <subfield code="a">CINISELLO</subfield>
    <subfield code="b">CINISELLO</subfield>
    <subfield code="d">2022-09-15</subfield>
    <subfield code="e">web</subfield>
    <subfield code="o">193 B-KAN im* K&#xDC;H ma (axa 23319)</subfield>
    <subfield code="p">9783423343947</subfield>
    <subfield code="r">2022-09-15 00:00:00</subfield>
    <subfield code="w">2022-09-15</subfield>
    <subfield code="y">BK</subfield>
  </datafield>
</record>
